000 00645nam a22001935i 4500
001 157277
003 ES-MaACL
005 20250809063528.0
008 040818s1893 be |||| | fre d
040 _aCAM
_bspa
_cCAM
100 1 _aLaurent, François,
_d1810-1887
_9128741
245 1 0 _aPrincipes de droit civil français /
_cpar F. Laurent.
250 _a5e éd.
260 _aBruxelles :
_bBruylant-Christophe & Cie. ;
_aParis :
_bLibrairie A. Marescq, Ainé,
_c1893.
300 _a33 v. ;
_c23 cm.
650 0 4 _aDerecho civil-
_zFrancia.
_911665
852 _aES-MaACL
_jF-14191-14223
_z-- Enc. hol.
999 _c157277
_d157277